00592nam a22001817a 450000500170000001000150001702000260003203500140005803700130007208200120008510000110009724500750010826000390018327001020022230000260032450000410035070000190039120191009155615.0 aENG-126625 a9789353285814c450.00 aEN-110157 bDBAD/PUB a155.232 aRatna  aWhy people give :cby Ratna and Suhasini Virabinterpreting altruism / aNew DelhibSAGE Publicationsc2019 aB1/1-1, Mohan Cooperative Industrial AreabMathura Road, Post Bag 7e110044mmarketing@sagepub.in axvii,220p.c22cm(pbk) aIncludes bibliographical references  aVira, Suhasini